000 00236nam a2200097Ia 4500
001 669433
005 20250826160409.0
008 250824s9999 xx 000 0 und d
245 0 _aAklından Bir Sayı Tut
_cJohn Verdon
260 _bKORİDOR
999 _c669433
_d669433